000
00195nam a2200085 4500
001
1255697
005
20251211134554.0
245
_a
TELEFON MELEFON YOK
_c
ŞERMİN YAŞAR
260
_b
KRONİK YAYINLARI
999
_c
1255697
_d
1255697